Terceirização : (Record no. 369)

MARC details
000 -LÍDER
Campo Fixo de Controle 00752nam a2200241 a 4500
001 - NÚMERO DE CONTROLE
Campo de Controle 369
003 - IDENTIFICAÇÃO DO NÚMERO DE CONTROLE
Campo de Controle BR-CuiBMT
005 - DATA E HORA DA ÚLTIMA ATUALIZAÇÃO
Campo de Controle 20231102003518.0
008 - DADOS FIXOS
Dados Fixos 231102s2018 mgb 000 0 por d
020 ## - INTERNATIONAL STANDARD BOOK NUMBER
Nº do ISBN 9788545004400
040 ## - AGÊNCIA CATALOGADORA
Código da Agência Catalogadora BR-CuiBMT
Agência que transcreveu o registro BR-CuiBMT
080 ## - Nº DA CLASSIFICAÇÃO DECIMAL UNIVERSAL
Nº edição CDU 2007
Nº Class. CDU 351.712
090 ## - NÚMERO DE CHAMADA
Nº classificação 351.712
Cutter A658t
100 1# - ENTRADA PRINCIPAL -- AUTOR PESSOAL
Nome pessoal Arabi, Abhner Youssif Mota
245 ## - TÍTULO PRINCIPAL
Título principal Terceirização :
Subtítulo uma leitura constitucional e administrativa /
Indicação de responsabilidade Abhner Youssif Mota Arabi , Valter Shuenquener de Araújo.
260 ## - PUBLICAÇÃO, DISTRIBUIÇÃO, ETC.
Local de publicação Belo Horizonte :
Editora Fórum,
Data 2018.
300 ## - DESCRIÇÃO FÍSICA
N. páginas ou volumes 182 p.:
Dimensões 22 cm
650 ## - ASSUNTO TÓPICO
Cabeçalho tópico ou nome geográfico Direito administrativo
650 ## - ASSUNTO TÓPICO
Cabeçalho tópico ou nome geográfico Terceirização
650 ## - ASSUNTO TÓPICO
Cabeçalho tópico ou nome geográfico Direito constitucional
700 ## - ENTRADA SECUNDÁRIA -- NOME PESSOAL
Nome pessoal Araújo, Valter Shuenquener de
Termo de relação autor
942 ## - ELEMENTOS DE ENTRADA ADICIONAIS (KOHA)
Fonte de classificação ou esquema de arquivamento Classificação Decimal Universal
Tipo de item do Koha Livros
Holdings
Estado: removido Estado: perdido Fonte de classificação ou esquema de arquivamento Estado: danificado Indisponível para empréstimo Localização permanente Localização atual Data de aquisição Total Checkouts Número de Chamada completo Código de barras Date last seen Número do exemplar Preço efetivo a partir de Tipo de item (Koha)
    Classificação Decimal Universal     Biblioteca da Escola Superior de Contas do TCE/MT Biblioteca da Escola Superior de Contas do TCE/MT 31/07/2019   351.712 A658t BIBTCEMT23110065 02/11/2023 Ex. 1 02/11/2023 Livros
    Classificação Decimal Universal     Biblioteca da Escola Superior de Contas do TCE/MT Biblioteca da Escola Superior de Contas do TCE/MT 31/07/2019   351.712 A658t BIBTCEMT23110066 02/11/2023 Ex. 2 02/11/2023 Livros

Powered by Koha